The new poor law, a benefit to the poor : being the substance of two sermons preached in Litchfield Church /

Bibliographic Details
Main Author: Cotes, Peter
Format: eBook
Language:English
Published: London : J. Hatchard, 1835
Series:Making of the modern world (Goldsmiths'-Kress Library of Economic Literature)
Subjects:
Online Access:Connect to the full text of this electronic book

MARC

Tag First Indicator Second Indicator Subfields
LEADER 00000cam a2200000Ia 4500
001 in00002282221
005 20190326192544.0
006 m | d |
007 cr |n||||||||n
008 881114s1835 enk s 000 0 eng d
040 |a NYG  |c GKR  |d OCL  |d Thomson Gale  |d UtOrBLW 
043 |a e-uk--- 
100 1 |a Cotes, Peter. 
245 1 4 |a The new poor law, a benefit to the poor :  |b being the substance of two sermons preached in Litchfield Church /  |c by Peter Cotes. 
264 1 |a London :  |b J. Hatchard,  |c 1835 
264 3 |a London :  |b Ibotson and Palmer 
300 |a 50 pages 
336 |a text  |b txt  |2 rdacontent 
337 |a computer  |b c  |2 rdamedia 
338 |a online resource  |b cr  |2 rdacarrier 
500 |a Reproduction of original from Goldsmiths' Library, University of London. 
500 |a Goldsmiths'-Kress number 29125. 
510 4 |a OCLC,  |c 18760206 
533 |a Electronic reproduction.  |b Farmington Hills, Mich. :  |c Thomson Gale,  |d 2005.  |f (The making of the modern world).  |n Available via the World Wide Web.  |n Access limited to licensing agreements.  |7 s2005 miunns 
500 |a Electronic resource. 
650 0 |a Poor laws  |z Great Britain. 
650 0 |a Poor  |z Great Britain. 
650 0 |a Poor  |v Sermons. 
655 0 |a Electronic books. 
830 0 |a Making of the modern world (Goldsmiths'-Kress Library of Economic Literature) 
856 4 0 |u http://proxy.library.tamu.edu/login?url=http://galenet.galegroup.com/servlet/MOME?af=RN&ae=U105431506&srchtp=a&ste=14&locID=txshracd2898  |z Connect to the full text of this electronic book  |t 0 
999 |a MARS 
999 f f |s bff5a969-cff2-3117-86b0-61d2acfb85d7  |i 234ff751-d9e9-3249-bf2b-5f7ee7d1d6cd  |t 0 
952 f f |a Texas A&M University  |b College Station  |c Electronic Resources  |d Available Online  |t 0  |h No information provided 
998 f f |t 0  |l Available Online